Instrumentos de medición del rendimiento escolar.

Gespeichert in:
Bibliographische Detailangaben
1. Verfasser: Carreno, Fernando (autor)
Format: Buch
Sprache:Spanisch
Schlagworte:
Tags: Tag hinzufügen
Keine Tags, Fügen Sie das erste Tag hinzu!

MARC

LEADER 00000cam^a2200000uu^4500
001 000468829
005 20250521000000.0
008 050901s1980^^^^^^^^^^^^rd^r^^000^0^spa^d
009 20260526150032.563
022 |a 9682406064 
035 |a FCE 000011570 
035 |a FCE 006848 
037 |a Acervo ITESO - Biblioteca 
041 |a spa 
082 0 4 |a 371.26  |b CARi 
100 |a Carreno, Fernando  |e (autor) 
245 1 0 |a Instrumentos de medición del rendimiento escolar. 
264 |a México :  |b Trillas,  |c 1980. 
300 |a 92 p. 
336 |a texto  |b txt  |2 rdacontenido 
337 |a sin mediación  |b n  |2 rdamedio 
338 |a volumen  |b nc  |2 rdasoporte 
649 |a XX 
650 |a Rendimiento escolar 
650 |a Evaluación del aprendizaje 
650 |a Medición 
650 |a Evaluación del alumno 
650 |a Instrumentos de medición 
650 |a Prueba de conocimientos 
910 |a Fondo Centro de Estudios Educativos 
920 |a Impresos - Libros 
930 |a Fondos Especiales 
905 |a 133 
901 |a ALE006848  |b IT2  |c CEE  |u 20250521 
902 |a https://opac.biblio.iteso.mx/vufind/Record/000468829